000 00691nam a2200169 4500
008 240117b |||||||| |||| 00| 0 eng d
082 _a363.2595
_bINT
110 _aInternational Crisis Group
245 _aSri Lanka's judiciary :
_bpoliticised courts, compromised rights : executive summary and recommendations
260 _a[Colombo]:
_bInternational Crisis Group,
_c2009
300 _aiv, 39 p. : map ; 28 cm
440 _aAsia report
_vno. 172
650 _aCriminal justice, Administration of -Sri Lanka
650 _aSri Lanka- Politics and government
856 _uhttps://icg-prod.s3.amazonaws.com/172-sri-lanka-s-judiciary-politicised-courts-compromised-rights.pdf
942 _cRP
999 _c4632
_d4632